Hipnosis forense : (Registro nro. 29871)
[ vista simple ]
| 000 -LEADER | |
|---|---|
| fixed length control field | 02244nam a2200265Ia 4500 |
| 003 - CONTROL NUMBER IDENTIFIER | |
| control field | CO-CtgCURN |
| 005 - DATE AND TIME OF LATEST TRANSACTION | |
| control field | 20250929145938.0 |
| 008 - FIXED-LENGTH DATA ELEMENTS--GENERAL INFORMATION | |
| fixed length control field | 190724s2003 xx 000 0 und d |
| 020 ## - INTERNATIONAL STANDARD BOOK NUMBER | |
| International Standard Book Number | 9583347205 |
| 040 ## - CATALOGING SOURCE | |
| Original cataloging agency | CO-CtgCURN |
| Language of cataloging | spa |
| Transcribing agency | coctgcurn |
| 082 ## - DEWEY DECIMAL CLASSIFICATION NUMBER | |
| Classification number | 363.254 |
| Item number | B242 |
| 100 ## - MAIN ENTRY--PERSONAL NAME | |
| Personal name | Bárcenas, R.R. |
| Relator term | autor |
| -- | prólogo |
| 245 #0 - TITLE STATEMENT | |
| Title | Hipnosis forense : |
| Remainder of title | auxiliar de la justicia / |
| Statement of responsibility, etc. | Dr. R.R. Bárcenas |
| 260 ## - PUBLICATION, DISTRIBUTION, ETC. | |
| Place of publication, distribution, etc. | Barranquilla, Atlántico : |
| Name of publisher, distributor, etc. | Cámara Colombiana del Libro, |
| Date of publication, distribution, etc. | 2003 |
| 300 ## - PHYSICAL DESCRIPTION | |
| Extent | 193 páginas ; |
| Dimensions | 20 centímetros |
| 500 ## - GENERAL NOTE | |
| General note | Incluye prólogo e índice |
| 505 ## - FORMATTED CONTENTS NOTE | |
| Formatted contents note | Cap. I. Historia de la hipnosis -- Cap. II. El cuerpo humano -- Cap. III. Pruebas de susceptibilidad hipnótica -- Cap. IV. Métodos de inducción hipnótica -- Cap. V. Técnicas de inducción hipnótica -- Cap. VI. Características del hipnotizador -- Cap. VII. Preparación para la hipnosis -- Cap. VIII. Técnicas hipnóticas -- Cap. IX. Estados o fases de la hipnosis -- Cap. X. Hipnoterapia -- Cap. XI. Aplicaciones de la hipnosis forense: Curación del adulto abusado en la infancia -- Cap. XII. Disposiciones legales colombianas que indirectamente se relacionan con hipnosis. |
| 520 ## - SUMMARY, ETC. | |
| Summary, etc. | Este libro está dirigido a encargados de administrar justicia, cuando se ha cometido un delito, se ha violado la ley, se ha establecido responsabilidad, autoría, o coautoría de una acción violatoria de derechos personales y patrimoniales. La hipnosis forense es de gran ayuda como auxiliar de la justicia en EE.UU, Inglaterra, España, ALemania, Francia y Argentina, permitiendo evitar condenar a inocentes y sentenciar a quien realmente a transgredido la ley. La idea es que la hipnosis sea utilizada en Colombia como un instrumento de la justicia, para revelar objetivos e intenciones de individuos en la investigación de autores, delitos o contravenciones cometidos, declaraciones, interrogatorios, reconstrucción de actos, violencia intrafamiliar, revelación de identidades y terrorismo. |
| 521 ## - TARGET AUDIENCE NOTE | |
| Target audience note | AREA PROFESIONAL |
| 590 ## - LOCAL NOTE (RLIN) | |
| Local note | Programa de Derecho_18 |
| 650 ## - SUBJECT ADDED ENTRY--TOPICAL TERM | |
| Topical term or geographic name entry element | Ciencias sociales |
| 650 ## - SUBJECT ADDED ENTRY--TOPICAL TERM | |
| Topical term or geographic name entry element | Hipnosis forense |
| 942 ## - ADDED ENTRY ELEMENTS (KOHA) | |
| Koha item type | Libros |
| Classification part | 363.254 |
| Item part | B242 |
| Source of classification or shelving scheme | Dewey Decimal Classification |
| Withdrawn status | Lost status | Damaged status | Not for loan | Collection | Home library | Current library | Shelving location | Date acquired | Inventory number | Total checkouts | Full call number | Barcode | Date last seen | Copy number | Price effective from | Koha item type |
|---|---|---|---|---|---|---|---|---|---|---|---|---|---|---|---|---|
| General | Miguel Henríquez Castañeda Barranquilla | Miguel Henríquez Castañeda Barranquilla | General | 05/23/2018 | 00448 | 363.254 B242 | 00448 | 07/25/2019 | ej.1 | 07/25/2019 | Libros |